Rệp hại cây trồng và biện pháp phòng trừ

Zapisane w:
Opis bibliograficzny
1. autor: NGUYỄN MẠNH CHINH
Format: Książka
Język:Undetermined
Wydane: H. Nông Nghiệp
Hasła przedmiotowe:
Etykiety: Dodaj etykietę
Nie ma etykietki, Dołącz pierwszą etykiete!
Thư viện lưu trữ: Trung tâm Học liệu Trường Đại học Cần Thơ
LEADER 00520nam a2200157Ia 4500
001 CTU_50703
008 210402s9999 xx 000 0 und d
082 |a 632.7 
082 |b Ch312 
100 |a NGUYỄN MẠNH CHINH 
245 0 |a Rệp hại cây trồng và biện pháp phòng trừ 
245 0 |c NGUYỄN MẠNH CHINH 
260 |a H. 
260 |b Nông Nghiệp 
650 |a plants, protection of,insects as carriers of plant diseases 
980 |a Trung tâm Học liệu Trường Đại học Cần Thơ